Fundamentos de termodinámica
I tiakina i:
| Ngā kaituhi matua: | , |
|---|---|
| Hōputu: | Pukapuka |
| Reo: | Pāniora |
| I whakaputaina: |
Ciudad de México
Limusa
1995
|
| Ngā marau: | |
| Ngā Tūtohu: |
Tāpirihia he Tūtohu
Kāore He Tūtohu, Me noho koe te mea tuatahi ki te tūtohu i tēnei pūkete!
|
MARC
| LEADER | 00000nam a2200000 a 4500 | ||
|---|---|---|---|
| 001 | UCU2206 | ||
| 003 | CL-VaPUC | ||
| 008 | 960419e19950000MX |||||||||||||||||spa|d | ||
| 082 | 0 | 4 | |a 536.7 |b VAN |2 21 |
| 100 | 0 | |a Van Wylen, Gordon John |e author |9 358214 | |
| 700 | 0 | |a Sonntag, Richard Edwing |e author |9 358215 | |
| 245 | 1 | 0 | |a Fundamentos de termodinámica |
| 300 | |a 734 p | ||
| 942 | |c BK | ||
| 945 | |d 19960419 00:00:00 |a rleighto | ||
| 260 | |a Ciudad de México |b Limusa |c 1995 | ||
| 650 | 0 | |a Termodinámica |9 259320 | |
| 650 | 0 | |a Masa |9 344731 | |
| 650 | 7 | |a LONGITUD |2 CL-VaPUC |9 358216 | |
| 650 | 0 | |a Tiempo |9 267892 | |
| 650 | 0 | |a Fuerza |9 345825 | |
| 650 | 0 | |a Calor |9 260253 | |
| 650 | 7 | |a ENERGIA INTERNA |2 CL-VaPUC |9 354569 | |
| 650 | 7 | |a TRANSMICION DE CALOR |2 CL-VaPUC |9 358217 | |
| 650 | 0 | |a Entropía |9 262675 | |
| 650 | 0 | |a Refrigeración |9 259343 | |
| 650 | 0 | |a Equilibrio químico |9 259943 | |
| 583 | |a last modification |c 19960419 00:00:00 |k Rodrigo Vera | ||
| 999 | |c 246575 |d 246573 | ||
| 952 | |0 0 |1 0 |4 0 |6 536_700000000000000_VAN_1995 |7 0 |8 A |9 261667 |a BIBMEC |b BIBMEC |d 2019-11-19 |i 3549429 |o 536.7 VAN 1995 |p 3549429 |r 2024-01-19 |w 2019-11-19 |y BK |k MEC | ||
| 952 | |0 0 |1 0 |4 0 |6 536_700000000000000_VAN_1995 |7 0 |8 A |9 261668 |a BIBMEC |b BIBMEC |d 2019-11-19 |i 3549437 |l 1 |o 536.7 VAN 1995 |p 3549437 |r 2024-01-19 |s 2023-10-16 |w 2019-11-19 |y BK |k MEC | ||